Header Image

Management Thoeory and Practice (Record no. 9412)

MARC details
000 -LEADER
fixed length control field 00305nam a2200133Ia 4500
005 - DATE AND TIME OF LATEST TRANSACTION
control field 20241122224650.0
008 - FIXED-LENGTH DATA ELEMENTS--GENERAL INFORMATION
fixed length control field 241122s9999||||xx |||||||||||||| ||und||
082 ## - DEWEY DECIMAL CLASSIFICATION NUMBER
Item number COL
100 ## - MAIN ENTRY--PERSONAL NAME
Personal name Colo A, Gerald
245 #0 - TITLE STATEMENT
Title Management Thoeory and Practice
260 ## - PUBLICATION, DISTRIBUTION, ETC.
Name of publisher, distributor, etc. Cengage
Date of publication, distribution, etc. 2015
300 ## - PHYSICAL DESCRIPTION
Extent 637p.
942 ## - ADDED ENTRY ELEMENTS (KOHA)
Koha item type Book
Holdings
Withdrawn status Lost status Source of classification or shelving scheme Damaged status Not for loan Home library Current library Date acquired Total checkouts Full call number Barcode Date due Date last seen Date last checked out Price effective from Koha item type
    Dewey Decimal Classification     IILM-LR IILM-LR 25/07/2024 2 658 COL 2015 9512 03/10/2025 04/08/2025 04/08/2025 22/11/2024 Book
© IILM-LR All rights reserved.
IILM-Lodhi Road
Contact :librarianlr@iilm.edu
Visitor Count: Visit counter For Websites